Statistics for The Tortured Poets Department Last Lyrics Quiz (TTPD)

Click here to take the quiz!

General Stats

  • This quiz has been taken 397 times
  • The average score is 23 of 31

Answer Stats

LyricsSong% Correct
But oh my God, you should see your facesBut Daddy I Love Him
96%
So who's afraid of me?Who's Afraid of Little Old Me?
96%
You're the loss of my lifeloml
95%
F*ck it if I can't have himDown Bad
94%
Ah, try and come for my jobI Can Do It With a Broken Heart
86%
Woah, maybe I can'tI Can Fix Him (No Really I Can)
86%
You'll (You'll) find (Find) someoneSo Long, London
85%
The future's bright, dazzlingClara Bow
83%
'Cause old habits die screamingThe Black Dog
83%
These chemicals hit me like white wineThe Alchemy
82%
Who else decodes you?The Tortured Poets Department
82%
But I looked to the sky and said (Please)The Prophecy
81%
But it's gonna be alright, I did my timeFresh Out The Slammer
80%
She is here to destroy youThe Albatross
80%
And I'll forget you, but I'll never forgiveThe Smallest Man Who Ever Lived
80%
But it won't start up 'til I touch, touch, touch youFortnight
78%
Am I allowed to cry?Guilty as Sin?
77%
But the story isn't mine anymoreThe Manuscript
76%
Like you are a poet trapped inside the body of a finance guyI Hate It Here
75%
She fell through the ice, then came out aliveThe Bolter
75%
Go on, f*ck me upFlorida!!!
74%
You already know, babeSo High School
70%
What if your eyes looked up and met mine one more time?I Look In People's Windows
69%
Promises oceans deep, but never to keepPeter
68%
Wilder and lighter for youRobin
62%
Your words were still just ringin' in my head, ringin' in my headthanK you aIMee
61%
You'll find that you were never not mineimgonnagetyouback
59%
It's so quietCassandra
54%
Will I always wonder?Chloe or Sam or Sophia or Marcus
54%
But I'm not, I'm not, I'm notMy Boy Only Breaks His Favorite Toys
52%
But I still don't knowHow Did It End?
49%

Score Distribution

Percentile by Number Answered

Percent of People with Each Score

Your Score History

You have not taken this quiz